000 01481nam a22002778a 4500
005 20110330144636.0
020 _a9780670084845
_c599.00
035 _aB-424127-131
037 _bPenguin Books
037 _bRBC-22385/2010-11/14.3.11/281/4.3.11/21.311
082 0 0 _aN
100 1 _aMandanna, Sarita
_931880
245 1 0 _aTiger Hills /
_cby Sarita Mandanna
260 _aNew Delhi
_bPenguin Books
_c2010
270 _a11 Community Centre, Panchsheel Park
_bNew Delhi
_e110017
300 _a451p.
_c25cm (Hb)
650 0 _aCoffee plantations
_zIndia
_vFiction.
_931881
942 _2ddc
_cEN
_hN
_mMAN
999 _c51314
_d51314